Statistics for Largest Capital Cities of Asia

Click here to take the quiz!

General Stats

  • This quiz has been taken 48 times
  • The average score is 13 of 15

Answer Stats

PopulationCapital% Correct
20,400,000Beijing
100%
40,200,000Tokyo
98%
29,400,000Delhi
98%
30,600,000Jakarta
95%
19,500,000Dhaka
93%
18,300,000Bangkok
93%
15,000,000Tehran
93%
25,200,000Manila
90%
24,700,000Seoul
90%
8,700,000Kuala Lumpur
90%
7,750,000Riyadh
90%
6,850,000Baghdad
88%
9,100,000Taipei
83%
7,800,000Singapore
80%
5,450,000Amman
63%

Score Distribution

Percentile by Number Answered

Percent of People with Each Score

Your Score History

You have not taken this quiz